000 00465nam a22001937a 4500
003 MPLRDC
005 20220104113945.0
008 210129b ||||| |||| 00| 0 eng d
020 _a957-560-058-4
082 _a857.63 XS v.5
100 _a萧飒
245 _a唯良的爱
_c
250 _a初版十四印
260 _a
_b九歌出版社
_c1992
300 _b
490 _a九歌文库. 212
650 _a短篇小说--别集
942 _cBK
_o857.63 XS v.5
999 _c3679
_d3669